[Event "Mark Pinto IM"]
[Site "San Francisco"]
[Date "2004.07.26"]
[Round "6"]
[White "Pruess, David"]
[Black "Sevillano, Enrico"]
[Result "1/2-1/2"]
[WhiteElo "2371"]
[BlackElo "2464"]
[PlyCount "120"]
[EventDate "2004.07.21"]
[EventType "tourn"]
[EventRounds "11"]
[EventCountry "USA"]
[EventCategory "3"]
[Source "ChessBase"]
[SourceDate "2004.09.01"]

1. e4 e5 2. f4 d5 3. Nf3 exf4 4. exd5 Be7 5. Bc4 Bh4+ 6. Kf1 Bg4 7. d4 Ne7 8.
Qd3 Bf6 9. Bxf4 O-O 10. Nc3 c6 11. d6 Bf5 12. Qd2 Nc8 13. Re1 Nxd6 14. Bb3 Bg4
15. Bxd6 Qxd6 16. Ne4 Qd8 17. Qf4 Bd7 18. Kf2 a5 19. a3 a4 20. Bc4 Ra5 21.
Nxf6+ Qxf6 22. Qxf6 gxf6 23. Re7 c5 24. c3 b5 25. Bd5 c4 26. Rhe1 Ra6 27. Nd2
f5 28. g3 Kg7 29. Bg2 Rh6 30. Nf3 Rd6 31. Ne5 Kf6 32. Nxd7+ Nxd7 33. R7e5 Rb8
34. Bh3 Kg7 35. Rxf5 Kf8 36. Rh5 Nf6 37. Rc5 Ne8 38. Ree5 Rdb6 39. Bd7 Nd6 40.
Kg2 R8b7 41. Bg4 Re7 42. Rxe7 Kxe7 43. Rh5 Ne8 44. Rxh7 Nf6 45. Rh4 b4 46. axb4
a3 47. bxa3 Ra6 48. Be2 Rxa3 49. Bxc4 Rxc3 50. d5 Kd6 51. Kf2 Ke5 52. Ke2 Ne4
53. Bd3 Nd6 54. Kd2 Ra3 55. Rf4 Kxd5 56. h4 f5 57. Bxf5 Rxg3 58. Bd7 Rg7 59.
Bh3 Ke5 60. Rf3 Rh7 1/2-1/2

[Event "Abu Dhabi op 14th"]
[Site "Abu Dhabi"]
[Date "2004.08.16"]
[Round "3"]
[White "Chernyshov, Konstantin"]
[Black "Gozzoli, Yannick"]
[Result "1/2-1/2"]
[WhiteElo "2585"]
[BlackElo "2429"]
[PlyCount "71"]
[EventDate "2004.08.14"]
[EventType "swiss"]
[EventRounds "9"]
[EventCountry "UAE"]
[Source "ChessBase"]
[SourceDate "2004.11.11"]

1. f4 e5 2. e4 d5 3. exd5 c6 4. dxc6 Nxc6 5. Bb5 Bc5 6. Nf3 e4 7. Ne5 Nf6 8. d4
exd3 9. Qxd3 Qe7 10. Nc3 O-O 11. Bxc6 bxc6 12. Be3 Ng4 13. Bxc5 Qxc5 14. Ne4
Qb4+ 15. c3 Qxb2 16. O-O Qb6+ 17. Qd4 Nxe5 18. fxe5 Qxd4+ 19. cxd4 Be6 20. Nc5
Rfd8 21. Rfd1 Bd5 22. a3 Rab8 23. Rab1 Ba2 24. Rb4 a5 25. Rb7 Rxb7 26. Nxb7 Ra8
27. Rc1 h6 28. Rc5 Ra6 29. Nxa5 Bd5 30. g3 Kf8 31. Kf2 Ke7 32. Ke3 f6 33. exf6+
Kxf6 34. a4 g5 35. Kd3 Ke6 36. Ke3 1/2-1/2

[Event "Glassy Stream Masters"]
[Site "Kharkov"]
[Date "2006.09.25"]
[Round "4"]
[White "Kucherenko, Daniil"]
[Black "Kharchenko, Boris"]
[Result "0-1"]
[WhiteElo "2334"]
[BlackElo "2363"]
[PlyCount "54"]
[EventDate "2006.09.22"]
[EventType "tourn"]
[EventRounds "11"]
[EventCountry "UKR"]
[EventCategory "4"]
[Source "ChessBase"]
[SourceDate "2006.11.01"]

1. e4 e5 2. f4 d5 3. exd5 exf4 4. Nf3 Nf6 5. Bc4 Nxd5 6. Bxd5 Qxd5 7. Nc3 Qf5
8. d4 Nc6 9. Qe2+ Be7 10. d5 Nb4 11. Nd4 Qf6 12. d6 Qxd6 13. Ndb5 Qc5 14. Bxf4
O-O 15. Nxc7 Bf5 16. O-O-O Rad8 17. a3 Nxc2 18. N7d5 Bf6 19. Nxf6+ gxf6 20. Qb5
Na1 21. Rxd8 Rxd8 22. Rd1 Rxd1+ 23. Kxd1 Qg1+ 24. Ke2 Qxg2+ 25. Ke1 Nc2+ 26.
Kd1 Qg1+ 27. Kd2 Qd4+ 0-1

[Event "Open"]
[Site "Halkidiki GRE"]
[Date "2008.05.03"]
[Round "7"]
[White "Zakarian, D."]
[Black "Sandalakis, A."]
[Result "1-0"]
[WhiteElo "2330"]
[BlackElo "2346"]
[PlyCount "77"]
[EventDate "2008.04.29"]
[SourceDate "1999.07.01"]

1. e4 e5 2. f4 d5 3. exd5 exf4 4. Nf3 Nf6 5. Bc4 Qe7+ 6. Qe2 Qxe2+ 7. Kxe2 Bd6
8. Re1 O-O 9. Kf1 Nbd7 10. Nc3 Nb6 11. Bb3 Bb4 12. a3 Bxc3 13. bxc3 Bg4 14. c4
Rfe8 15. Bb2 Ne4 16. d3 Bxf3 17. gxf3 Nd2+ 18. Kf2 Nxb3 19. cxb3 f6 20. Re4
Rxe4 21. dxe4 Nd7 22. Rd1 Kf7 23. Bd4 b6 24. Ke2 g5 25. Rc1 Nc5 26. Bxc5 bxc5
27. b4 Rb8 28. bxc5 Rb3 29. c6 Ke8 30. c5 Rb2+ 31. Kd3 Rb3+ 32. Kc4 Rb2 33. d6
Kd8 34. Kd5 g4 35. Rg1 h5 36. fxg4 h4 37. g5 cxd6 38. cxd6 fxg5 39. Ke6 1-0

[Event "2nd Metropolitan International"]
[Site "Los Angeles USA"]
[Date "2012.08.18"]
[Round "9"]
[White "Pruess, D."]
[Black "Remlinger, L."]
[Result "1/2-1/2"]
[WhiteElo "2375"]
[BlackElo "2330"]
[PlyCount "62"]
[EventDate "2012.08.14"]
[EventType "swiss"]
[SourceDate "1999.07.01"]

1. e4 e5 2. f4 d5 3. exd5 exf4 4. Nf3 Nf6 5. c4 c6 6. d4 cxd5 7. Bxf4 Bb4+ 8.
Nc3 O-O 9. Be2 Ne4 10. Qb3 Qa5 11. O-O Bxc3 12. bxc3 Qxc3 13. cxd5 Qxb3 14.
axb3 Nc3 15. Bc4 b5 16. Bd3 Nd7 17. Bd6 Re8 18. Rfc1 b4 19. Bxb4 Nxd5 20. Bd6
N7b6 21. Ra5 Bb7 22. Rca1 Re3 23. Bc4 a6 24. Re1 Rae8 25. Kf2 Rxe1 26. Nxe1
Nxc4 27. bxc4 Ne3 28. Rc5 Ng4+ 29. Kf1 Ne3+ 30. Kf2 Ng4+ 31. Kf1 Ne3+ 1/2-1/2